| 000 | 005600000a22001810004500 | ||
|---|---|---|---|
| 003 | MACL | ||
| 005 | 20160416124939.0 | ||
| 008 | 160416b xxu||||| |||| 00| 0 eng d | ||
| 040 |
_aMACL _cMACL |
||
| 041 | _aHindi | ||
| 082 | _a891.433 SIN | ||
| 100 |
_aसिंह मधुकर _945487 |
||
| 245 | _aमेरे गॉव के लोग | ||
| 260 |
_aनई दिल्ली _bएवरेस्ट पब्लिकेशंस _c2008 |
||
| 350 | _a100 | ||
| 650 |
_aउपन्यास _952440 |
||
| 942 |
_cHIN _k891.433/SIN/N _2ddc |
||
| 999 |
_c46347 _d46347 |
||